Возможности применения трансформаторов, регулируемых подмагничиванием шунтов, в системах автоматического регулирования; Тезисы докладов первой научно-технической конференции по вопросам автоматизации производства (10-12 мая 1962 г.)

Podrobná bibliografie
Parent link:Тезисы докладов первой научно-технической конференции по вопросам автоматизации производства (10-12 мая 1962 г.).— 1963.— С. 15-16
Hlavní autor: Обрусник В. П.
Další autoři: Зайцев А. И.
Jazyk:ruština
Vydáno: 1963
Témata:
Médium: MixedMaterials Kapitola
KOHA link:https://koha.lib.tpu.ru/cgi-bin/koha/opac-detail.pl?biblionumber=592596

MARC

LEADER 00000naa0a2200000 4500
001 592596
005 20250829135728.0
035 |a (RuTPU)RU\TPU\tpu\4883 
090 |a 592596 
100 |a 20011210d1963 k||y0rusy50 ca 
101 0 |a rus 
102 |a RU 
200 1 |a Возможности применения трансформаторов, регулируемых подмагничиванием шунтов, в системах автоматического регулирования  |f В. П. Обрусник, А. И. Зайцев 
463 1 |t Тезисы докладов первой научно-технической конференции по вопросам автоматизации производства (10-12 мая 1962 г.)  |v С. 15-16  |d 1963 
610 1 |a радиоэлектроника 
610 1 |a труды учёных ТПУ 
700 1 |a Обрусник  |b В. П. 
701 1 |a Зайцев  |b А. И. 
801 0 |a RU  |b 63413507  |c 20011210  |g PSBO 
801 2 |a RU  |b 63413507  |c 20080201  |g PSBO 
942 |c BK